000 00686nai a2200181Ia 4500
003 IN-BaIIA
008 211028c9999 xx s 000 0 eng d
022 _a0367-7508 (Print)
040 _cIIA Library
245 0 _aIEEE Transactions on Electronic Computers
_h[eJournal]
260 _aNew York, USA
_bThe Institute of Electrical and Electronics Engineers, Inc. (IEEE)
310 _aBimonthly
362 _aEC-12(1); 1963 - EC-16(6); 1967
521 _bSubscribed through National Knowledge Resource Consortium (NKRC)
650 _aComputing and Processing
_948785
856 _uhttps://ieeexplore.ieee.org/servlet/opac?punumber=4037753
_yClick Here to Access eJournal
942 _cEJ
999 _c34664
_d34664